Presencia física del hombre en los objetos habitables : antropometría y diseño /

-д хадгалсан:
Номзүйн дэлгэрэнгүй
Үндсэн зохиолч: García Olvera, Héctor (autor)
Формат: Ном
Хэл сонгох:испани
Хэвлэсэн: México : UNAM, 1980
Нөхцлүүд:
Шошгууд: Шошго нэмэх
Шошго байхгүй, Энэхүү баримтыг шошголох эхний хүн болох!

MARC

LEADER 00000nam^a2200000^a^4500
001 000008687
005 20250521000000.0
009 20260310083556.325
037 |a Acervo ITESO - Biblioteca 
041 |a ESP 
082 |a 749. 3  |b GAR 
100 |a García Olvera, Héctor  |e (autor) 
245 1 0 |a Presencia física del hombre en los objetos habitables :  |b antropometría y diseño /  |c H. García Olvera. 
264 1 |a México :  |b UNAM,  |c 1980 
300 |a 186 p. 
336 |a texto  |b txt  |2 rdacontenido 
337 |a sin mediación  |b n  |2 rdamedio 
338 |a volumen  |b nc  |2 rdasoporte 
649 |a XX 
650 |a Antropometría 
650 |a Diseño Arquitectónico 
650 |a Arquitectura 
910 |a Fondo General 
920 |a Impresos - Libros 
930 |a Colección General 
905 |a 101 
901 |a 0086870100  |b IT1  |c ACC  |i 008687  |u 20250521 
902 |a https://opac.biblio.iteso.mx/vufind/Record/000008687